| 000 | 00678nam a2200229 i 4500 | ||
|---|---|---|---|
| 001 | bg | ||
| 100 | 1 |
_aFlizikowski, Józef _d(1951- ). |
|
| 245 | 1 | 0 |
_aEkologiczna niezawodność potencjałów rozdrabniania / _cJózef Flizikowski, Marek Bieliński. |
| 260 |
_aBydgoszcz : _bWydaw. Uczelniane ATR, _c1994. |
||
| 300 |
_a236c s. : _brys. ; _c24 cm. |
||
| 504 | _aBibliogr. s. 231-236. | ||
| 650 | 9 |
_aRozdrabnianie _xurządzenia |
|
| 650 | 9 |
_aMaszyny _xprojekty |
|
| 700 | 1 | _aBieliński, Marek. | |
| 020 | _a8390085348 | ||
| 040 | _cBPK | ||
| 041 | _apol | ||
| 080 | _a621.925/.929 | ||
| 920 | _a83-900853-4-8 | ||
| 942 | _cKS | ||
| 008 | s pl f |000 0 pol | ||
| 999 |
_c30508 _d30508 |
||
| 856 |
_uhttp://koha.tu.koszalin.pl/cgi-bin/koha/opac-detail.pl?biblionumber=30508 _yKatalog online BPK |
||